000 00634nam a2200217Ia 4500
005 20250508164217.0
008 008 250505s9999 xx 000 0 eng d
020 _a0-415-35424-2
037 _aReference
040 _aFEDL
_beng
_cFEDL
041 _aeng
_2eng
084 _a371.9, FARRR
_qFEDL
100 _aFarrell Michael
245 0 _aKey issues in special education: Raising standards of pupils' attainment and achievement
260 _aLondon, UK
_bRoutledge
_c2005
300 _a165p
365 _aGBP
_b22.5
650 _aSpecial education
942 _cREF
_h371.9, FARRR
999 _c1387555
_d1387555